1646 1014 1269 1111 1556 1627 1933 1221 1323 1875 1506 1185 1403 1634 1241 1224 1611 1046 1402 1426 1482 1534 1367 1417 1845 1201 1513 1767 1704 1305 1865 1834 1769 1355 1037 1129 1836 1935 1418 1894 1643 1613 1481 1071 1780 1131 1907 1119 1844 1845 1256 1401 1638 1294 1686 1319 1283 1484 1311 1950 1933 1735 1045 1513 1329 1771 1332 1677 1506 1025 1160 1521 1276 1207 1561 1678 1238 1332 1267 1172 1203 1181 1114 1504 1831 1812 1874 1433 1338 1736 1798 1392 1827 1319 1569 1690 1434 1306 1730 BCNSPRNW ULIB Ver.6.0+V

เปลี่ยนเป็นภาษาไทย

Change to English
 แสดงรายละเอียดบรรณานุกรม
  กลับหน้าหลัก

Brief Record : Get Marc (ISO 2709) : E-mail record : QR code < ปิดหน้าต่าง
LEADER : 00000nam 2200000uu 4500
001    13399111988
003     ULIB
008    110714s2554||||th 000 0 tha d
020    6165020497
090    นว.^bวN111v 2554
100 0   Neananok
245 00 อาญาเสน่หา/^cNeananok
250    พิมพ์ครั้งที่ 1
260    กรุงเทพฯ :^bSugar Beat,^c2554
300    350 หน้า
945    ^p250^l0^i030320
995     เกษร
999     ^aใช้งานได้ทุกระบบ
รายการนี้ยังไม่มีแท็ก
คุณยังไม่ได้ล็อกอิน คุณสามารถมีกิจกรรมร่วมกับเว็บไซต์ได้ แต่ต้องล็อกอินก่อน ::
  ล็อกอิน

รายการสื่อสารสนเทศ

ลำดับที่ ประเภท เลขเรียก/บาร์โค้ด สถานที่ สถานะ
1. วิทยาศาสตร์การแพทย์ และสุขภาพ
วิทยาศาสตร์การแพทย์ และสุขภาพ
นว. วN111v 2554  
  Barcode: 030320
ห้องสมุดวิทยาเขตสวรรค์ประชารักษ์
►นวนิยาย
บนชั้น
  ขอยืม

BibComment


ยังไม่เคยถูกคอมเมนท์

คอมเมนท์ทรัพยากรรายการนี้
  คอมเมนท์: อาญาเสน่หา Neananok


 Copyright 2026. Bcnsprnw @Library